|
|
|
|
| LEADER |
00993cam a2200241 7i4500 |
| 001 |
0000056055 |
| 005 |
20201130090000.0 |
| 020 |
|
|
|a 1841100927 (electronic book)
|
| 090 |
0 |
0 |
|a RC86.9
|b A84 2003
|
| 100 |
1 |
|
|a Ashford, Robert U
|
| 245 |
1 |
0 |
|a Key questions in surgical critical care
|c Robert U. Ashford, T. Neal Evans, R. Andrew Archbold.
|
| 264 |
|
1 |
|a London ; San Francisco:
|b Greenwich Medical Media,
|c 2003.
|
| 300 |
|
|
|a 1 online resource (220 pages):
|b illustrations, text file, PDF.
|
| 336 |
|
|
|a text
|2 rdacontent
|
| 337 |
|
|
|a computer
|2 rdamedia
|
| 338 |
|
|
|a online resource
|2 rdacarrier
|
| 650 |
0 |
0 |
|a Critical care medicine --
|x Examinations, questions, etc --
|z Great Britain
|
| 655 |
0 |
0 |
|a Electronic books
|
| 700 |
1 |
|
|a Evans, Neal
|
| 700 |
1 |
|
|a Archbold, R. Andrew
|
| 856 |
4 |
2 |
|u http://library.unisel.edu.my/equip-unisel/custom/ebook_catalog/ebook/Keyquestionsinsurgicalcriticalcare.pdf
|
| 997 |
|
|
|a Health Sciences, Faculty
|
| 999 |
|
|
|a EBO0002458
|b EBOOK
|c EBOOK
|e Electronic resources
|